00312nam a2200121Ia 4500008004000000020001800040082001600058100001500074245004000089260003000129300000800159650002300167210210b1979 xxu||||| |||| 00| 0 eng d a0 8038 2353 3 a778.93 DAYF aDAY (D H). aFocalguide to photographing places. aLondonbFocal Pressc1979 a160 aPlaces photography